Разработка и усовершенствование гидрогеохимического метода поисков рудных месторождений [I и II квартал 1962 года]: Отчет о НИР

Detalles Bibliográficos
Autor Corporativo: Томский политехнический институт (ТПИ) (595)
Outros autores: Удодов П. А. Павел Афанасьевич (руководитель)
Idioma:ruso
Publicado: Томск, 1962
Subjects:
Formato: MixedMaterials Libro
KOHA link:https://koha.lib.tpu.ru/cgi-bin/koha/opac-detail.pl?biblionumber=178470

MARC

LEADER 00000nbm0a2200000 4500
001 178470
005 20231031165920.0
035 |a (RuTPU)RU\TPU\book\193477 
035 |a RU\TPU\book\175955 
090 |a 178470 
100 |a 20100407d1962 k y0rusy50 ca 
101 0 |a rus 
102 |a RU 
105 |a a p 001zy 
200 1 |a Разработка и усовершенствование гидрогеохимического метода поисков рудных месторождений [I и II квартал 1962 года]  |e Отчет о НИР  |f Томский политехнический институт (ТПИ) ; руководитель П. А. Удодов 
210 |a Томск  |d 1962 
215 |a 116 л. 
320 |a Библиогр.: с. 112-114. 
610 1 |a отчеты о НИР 
610 1 |a рудные месторождения 
610 1 |a поиск 
610 1 |a гидрогеохимические методы 
610 1 |a разработка 
610 1 |a усовершенствование 
610 1 |a труды учёных ТПУ 
675 |a 553.3/4.08(04)  |v 3 
675 |a 6.002  |v 3 
702 1 |a Удодов  |b П. А.  |c российский ученый  |c геохимик  |c профессор Томского политехнического института  |f 1903-1981  |g Павел Афанасьевич  |2 stltpush  |3 (RuTPU)RU\TPU\pers\9241  |4 673 
712 0 2 |a Томский политехнический институт (ТПИ)  |c (1944-1991)  |2 stltpush  |3 (RuTPU)RU\TPU\col\1123  |4 595 
801 1 |a RU  |b 63413507  |c 20090618  |g PSBO 
801 2 |a RU  |b 63413507  |c 20100407  |g RCR 
942 |c BK